000 00946cam a2200265 4500
008 030917n2003 000 0 eng u
020 _a0860175898
035 _a(Sirsi) u123656
041 _aeng
050 _a690.241
_c18
100 _aBussell, M.
245 _aRetention of masonry facades
_bbest practice site handbook
260 _aLondon
_bCIRIA
_c2003
300 _a86p.
_c21cm.
350 _a40
490 _aCIRIA Publication
_vC589
520 _aThis concise handbook is intended to be an essential part of site documentation for facade retention projects. It contains checklists, lists of references and site-specific guidance taken from the more comprehensive "Retention of masonry facades: best practice guide" (ISBN 0860175790).
650 _aFACADES
650 _aFACADE RETENTION
650 _aBUILDING ALTERATIONS
690 _aRefurbishment
_96264
700 _aLazarus, D.
700 _aRoss, P.
942 _n0
999 _c103080
_d103080